Comuni della Valsessera - Statistics

Statistiche generali
  • Questo quiz è stato fatto 15 volte
  • Il punteggio medio è 7 su 9
Statistiche sulle risposte
Hint Risposta Popolazione % Corretto
2 Coggiola 1673
100%
1 Pray 2017
100%
8 Ailoche 318
89%
9 Caprile 186
78%
3 Crevacuore 1424
78%
6 Postua 572
78%
5 Sostegno 752
78%
7 Guardabosone 338
67%
4 Portula 1136
67%
Nessun quiz corrispondente trovato
Distribuzione punteggi
Percentuale di utenti per punteggio
Percentile per numero di risposta
I tuoi punteggi nel tempo
Non hai fatto questo quiz